000 00936nam a2200289Ia 4500
003 OSt
005 20221007122315.0
006 a|||||r|||| 00| 0
007 ta
008 221006b |||||||| |||| 00| 0 eng d
020 _a9788173197246 (pbk)
024 _a81948
037 _b136, 04/09/2008, Narosa Book Distributors Pvt. Ltd.
_cTextbook
040 _aPAPL
_cPAPL
_beng
041 _2eng
_aeng
082 _aD65,494, P6 Carpa
100 _aNaidu Prabhakar S
245 0 _aModern digital signal processing:an introduction
250 _a2
260 _aNew
_bDelhi Narosa Publishing House
_c2006
300 _axxii, 480p.
_ccm.
500 _aReferences 465-468p.; Index 469-480p.
650 _a Signal processing
_9449298
650 _aPhysics
942 _hD65,494, P6 Carpa
_cTB
_2CC
999 _c1210119
_d1210119